000 00459nam a2200157 i 4500
001 39309
003 ES-MaACL
005 20230906155937.0
007 t|
008 030227s1972 sp ||||1| spa d
100 1 _aCalle Iturrino, Esteban.
_933706
245 1 0 _aHistoria-paisaje y actividad creadora de Vizcaya /
_cEsteban Calle Iturrino.
260 _a[Bilbao :
_bs.n.,
_c1972]
300 _a219 p. :
_bil. ;
_c29 cm.
852 _aES-MaACL
_jE-5232
_bR.89418
999 _c39309
_d39309